The essential writings of Jawaharlal Nehru / (Record no. 136428)

MARC details
000 -LEADER
fixed length control field 00832nam a2200241 4500
010 ## - LIBRARY OF CONGRESS CONTROL NUMBER
LC control number B-106867
020 ## - INTERNATIONAL STANDARD BOOK NUMBER
International Standard Book Number 9780195653243
Terms of availability 2420.00(set)
035 ## - SYSTEM CONTROL NUMBER
System control number B-106867
037 ## - SOURCE OF ACQUISITION
Stock number Cen Lib/Ret
040 ## - CATALOGING SOURCE
Original cataloging agency DPL
Language of cataloging EN
082 ## - DEWEY DECIMAL CLASSIFICATION NUMBER
Classification number 080
Item number ESS
100 ## - MAIN ENTRY--PERSONAL NAME
Personal name Nehru, Jawaharlal
245 ## - TITLE STATEMENT
Title The essential writings of Jawaharlal Nehru /
Statement of responsibility, etc by Jawaharlal Nehru; edited by Sarvepalli Gopal and Uma Iyengar
260 ## - PUBLICATION, DISTRIBUTION, ETC. (IMPRINT)
Place of publication, distribution, etc New Delhi
Name of publisher, distributor, etc Oxford University Press
Date of publication, distribution, etc 2003
270 ## - ADDRESS
Address YMCA Library Building, Jai SIngh Road
City New Delhi
Postal code 110001
300 ## - PHYSICAL DESCRIPTION
Extent 2 v. ;( v 1. 738 ; v 2. 741).
Dimensions 22cm
500 ## - GENERAL NOTE
General note 2 v. ; v 1. (available) ; v 2. (available).
650 ## - SUBJECT ADDED ENTRY--TOPICAL TERM
Topical term or geographic name as entry element Nehru, Jawaharlal, -- 1889-1964.
650 ## - SUBJECT ADDED ENTRY--TOPICAL TERM
Topical term or geographic name as entry element Jawaharlal Nehru
700 ## - ADDED ENTRY--PERSONAL NAME
Personal name Sarvepalli Gopal
700 ## - ADDED ENTRY--PERSONAL NAME
Personal name Iyengar, Uma
942 ## - ADDED ENTRY ELEMENTS (KOHA)
Source of classification or shelving scheme Dewey Decimal Classification
Koha item type English Books
Classification part 080
Call number suffix ESS
Holdings
Withdrawn status Lost status Materials specified (bound volume or other part) Damaged status Not for loan Collection code Home library Current library Date acquired Source of acquisition Cost, normal purchase price Total Checkouts Full call number Barcode Date last seen Copy number Cost, replacement price Price effective from Koha item type
    v.1   Not For Loan Reference Central Library Central Library 02/03/2016 Cen Lib/Ret 2450.00   080 ESS B-106867 02/03/2016 1 2450.00 02/03/2016 English Books
    v.2   Not For Loan Reference Central Library Central Library 02/03/2016 Cen Lib/Ret 2450.00   080 ESS B-106868 02/03/2016 2 2450.00 02/03/2016 English Books

© Delhi Public Library
Hit Counter
free hit counter